000 01993nam a2200409 c 4500
003 BLK
005 20230323030310.0
008 180409b bul|||||r ||||||| ||bul||
010 _aKNG00145376000
020 _a978-954-474-556-1
_bиздат.: Кибеа
040 _aBLK
041 _aBUL
_cBUL
072 7 _2bullib
_aН15
_xПсихология Н
080 _aИндивидуална психология. Психология на личността. Индивидуалност. Психология на характера. Характерология. Психологическа типология
_b159.923
_x
_z159.923
080 _aЕтика на бизнеса. Успех
_b174.4
_x
_z174.4
100 1 _aПътик, Елизабет
_eпърви автор
_9113709
700 1 _aМанушева, Ирина Борисова
_9368041
139 _aПътик, Елизабет
_bП 98
245 1 0 _aТипология на личността
_bСедемте роли : Открийте себе си, за да постигнете щастие и успех
_cЕлизабет Пътик; прев. от англ. Ирина Борисова Манушева.
257 _aUSA
260 София
_bКибеа
_c2011
_fСофия : Инвестпрес
300 _a336 с.
_bс табл.
_c20 см
380 _a1
490 1 _aСерия Познай себе си
500 _aОриг. загл. 7 Personality Types / Elizabeth Puttick. - За автора ; За книгата.
650 4 _aЛичност - психология
_9243160
650 4 _aУспех - психология
_9323719
653 _aпсихология на личността
653 _aуспех
653 _aлидерство
659 _aН
852 _aЦб 260680
856 4 _qpdf
_u
856 4 _qpdf
_u
942 _cKNG
_n0
944 _aCR
_c10.07.2013
_lф /
_kНаталия_Медовщикова
944 _aED
_c24.06.2015
_lф /
_kЛюдмила_Стоянова
999 _c139332
_d139332